00857nam a2200217 a 4500001001000000003000500010005001700015008004100032010001100073011001100084040000900095100003200104245018800136260004100324500006000365502007000425650003000495650002000525650002400545856007000569000115548CHAP20220329144539.0190605s2019 mx a sm |||||||spa d a112009 a112981 cCHAP1 aVelasco Luis, Mario Ubaldo.10aHongos en rodales de pino-encino en la Comunidad de San Miguel Hidalgo, municipio de San Antonio Huitepec, Distrito de Zaachila, Oaxaca /h[En línea]cpor Mario Ubaldo Velasco Luis. aChapingo, Méx. :bEl autor,c2019. aPara ver el contenido del material haga clic en la liga aTesis (Ing. Forestal ) -- UACH. División de Ciencias Forestales14aHongosxIdentificación.14aHongosxOaxaca.14aHongosxVariedades. aFinding aiduhttp://10.13.5.2/tesis/sist115548.pdfzTeclea aquí